L'exécution testamentaire en droit musulman : rite hanafite /

محفوظ في:

المؤلف الرئيسي: ʻAbd al-Jawād, Muḥammad (مؤلف)

مؤلفون آخرون: Lambert, Édouard.

التنسيق: كتاب

اللغة: French

منشور في: Paris : P. Geuthner, 1926.

سلاسل: Travaux du Séminaire oriental d'études juridiques et sociales ; 5.

الموضوعات:

الوسوم: إضافة وسم

لا توجد وسوم, كن أول من يضع وسما على هذه التسجيلة!

رقم الطلب: DS41 .L99 v.5

LEADER 01213nam a2200289I 4500
001 9256
003 OSt
005 20260305120226.0
008 130303s1926 fr 000 0 fre d
010 |a 33007308 
035 |a ocm13678217 
040 |c ARCE Library 
050 4 |a DS41 .L99 v.5 
100 1 |6 880-01  |a ʻAbd al-Jawād, Muḥammad,  |e author 
245 1 2 |a L'exécution testamentaire en droit musulman :  |b rite hanafite /  |c Muḥammad ʻAbd al-Jawād ; Préface de Édouard Lambert. 
264 1 |a Paris :  |b P. Geuthner,  |c 1926. 
300 |a 3 preliminary leaves, [ix]-xi, [1], 165 pages, 1 leaf ;  |c 26 cm. 
490 1 |a Travaux du Séminaire oriental d'études juridiques et sociales ;   |v 5. 
500 |a At head of title : Mohamed Abdel Gawad. 
650 0 |a Hanafites. 
650 0 |a Wills (Islamic law) 
700 1 |a Lambert, Édouard. 
830 0 |a Travaux du Séminaire oriental d'études juridiques et sociales ;   |v 5. 
880 1 |6 100-01/(3/r  |a عبد الجواد، محمد.‪‪‪‪‪‪‪‪‪‪‪‪‪‪‪‪‪‪‪‪‪‪‪‪‪‪‪‪‪‪‪‪‪‪‪‪‪‪‪‪‪‪‪‪‪‪‪‪‪‪ 
901 |a reviewed 
942 |c BK  |2 lcc 
999 |c 11832  |d 11832